[Event "Olympiad-30"]
[Site "Manila"]
[Date "1992.06.21"]
[Round "12.3"]
[White "Afifi, Assem"]
[Black "Geenen, Marc"]
[Result "1/2-1/2"]
[WhiteElo "2395"]
[BlackElo "2340"]
[PlyCount "30"]
[EventDate "1992.06.08"]
[EventType "team-swiss"]
[EventRounds "14"]
[EventCountry "PHI"]
[SourceTitle "TD"]
[Source "ChessBase"]
[SourceDate "1994.03.01"]
[SourceVersion "1"]
[SourceVersionDate "1994.03.01"]
[SourceQuality "1"]
[WhiteTeam "Egypt"]
[BlackTeam "Belgium"]
[WhiteTeamCountry "EGY"]
[BlackTeamCountry "BEL"]

1. c4 e5 2. Nc3 Nf6 3. g3 c6 4. Bg2 d5 5. cxd5 cxd5 6. d3 d4 7. Ne4 Nxe4 8. Bxe4 Nc6 9. Nf3 Bd6 10. Bd2 Ne7 11. Nh4 Qb6 12. Rb1 0-0 13. 0-0 Be6 14. Qa4 Rac8 15. Bg2 Rc7 1/2-1/2

[Event "Olympiad-30"]
[Site "Manila"]
[Date "1992.06.16"]
[Round "8.2"]
[White "Afifi, Assem"]
[Black "Johansen, Darryl Keith"]
[Result "1/2-1/2"]
[WhiteElo "2395"]
[BlackElo "2485"]
[PlyCount "105"]
[EventDate "1992.06.08"]
[EventType "team-swiss"]
[EventRounds "14"]
[EventCountry "PHI"]
[SourceTitle "TD"]
[Source "ChessBase"]
[SourceDate "1994.03.01"]
[SourceVersion "1"]
[SourceVersionDate "1994.03.01"]
[SourceQuality "1"]
[WhiteTeam "Egypt"]
[BlackTeam "Australia"]
[WhiteTeamCountry "EGY"]
[BlackTeamCountry "AUS"]

1. d4 Nf6 2. Nf3 b6 3. g3 Bb7 4. Bg2 c5 5. c3 e6 6. 0-0 Be7 7. Bg5 0-0 8. Nbd2 h6 9. Bxf6 Bxf6 10. e4 Be7 11. Re1 d6 12. Qc2 Nd7 13. Rad1 Qc7 14. dxc5 Nxc5 15. Nb3 Rab8 16. Nbd4 a6 17. h4 b5 18. a3 Rfc8 19. e5 Rd8 20. Qe2 Na4 21. Rd2 Nb6 22. exd6 Bxd6 23. Rc2 Rbc8 24. Nb3 e5 25. Nfd2 Bxg2 26. Kxg2 f5 27. Nf3 Qf7 28. Na5 e4 29. Nd4 Bc5 30. Nab3 Bf8 31. f3 Re8 32. fxe4 Rxe4 33. Qf2 Rxe1 34. Qxe1 Nc4 35. Re2 Qd5+ 36. Kh2 Bd6 37. Rf2 g6 38. Qe6+ Qxe6 39. Nxe6 Re8 40. Nbd4 Kf7 41. Nf4 Bxf4 42. gxf4 Kf6 43. b3 Ne3 44. Kg3 Rc8 45. Ne2 Rd8 46. Nd4 Nd1 47. Rf3 h5 48. Nc6 Rc8 49. Nb4 Nxc3 50. Nxa6 Ne4+ 51. Kg2 Rc2+ 52. Kg1 Ke6 53. Rd3 1/2-1/2

[Event "Olympiad-30"]
[Site "Manila"]
[Date "1992.06.09"]
[Round "2.2"]
[White "Annageldyev, Orazly"]
[Black "Afifi, Assem"]
[Result "1-0"]
[WhiteElo "2420"]
[BlackElo "2395"]
[PlyCount "93"]
[EventDate "1992.06.08"]
[EventType "team-swiss"]
[EventRounds "14"]
[EventCountry "PHI"]
[SourceTitle "TD"]
[Source "ChessBase"]
[SourceDate "1994.03.01"]
[SourceVersion "1"]
[SourceVersionDate "1994.03.01"]
[SourceQuality "1"]
[WhiteTeam "Turkmenistan"]
[BlackTeam "Egypt"]
[WhiteTeamCountry "TKM"]
[BlackTeamCountry "EGY"]

1. d4 f5 2. Nc3 e6 3. e4 fxe4 4. Nxe4 Nf6 5. Nxf6+ Qxf6 6. Nf3 Nc6 7. Bg5 Qf7 8. Bd3 Be7 9. h4 d6 10. c3 Bd7 11. Qc2 g6 12. 0-0-0 0-0-0 13. Kb1 Rde8 14. Rde1 Bf6 15. h5 gxh5 16. Bxf6 Qxf6 17. Rxh5 Reg8 18. Nh4 e5 19. Rxh7 Rxh7 20. Bxh7 Rf8 21. Nf3 exd4 22. cxd4 Nxd4 23. Nxd4 Qxd4 24. f3 Qh4 25. Rc1 c5 26. Be4 Bc6 27. Bxc6 bxc6 28. Qd3 Qe7 29. b4 Kb7 30. bxc5 dxc5 31. Qc2 Kb6 32. Qb3+ Kc7 33. Qc3 Rf5 34. Re1 Qd6 35. Qa3 Kb7 36. Qb3+ Ka6 37. Re6 Qd7 38. a4 Qb7 39. Kc2 Qxb3+ 40. Kxb3 Kb6 41. Re4 Rd5 42. Kc2 a5 43. Kc3 Rd1 44. g4 Rg1 45. Kd3 Rg2 46. Rc4 Rg1 47. Ke4 1-0

[Event "Olympiad-29"]
[Site "Novi Sad"]
[Date "1990.11.19"]
[Round "3"]
[White "Afifi, Assem"]
[Black "Ftacnik, Lubomir"]
[Result "1/2-1/2"]
[WhiteElo "2400"]
[BlackElo "2550"]
[PlyCount "59"]
[EventDate "1990.11.17"]
[EventType "team-swiss"]
[EventRounds "14"]
[EventCountry "YUG"]
[SourceTitle "EXT 2019"]
[Source "ChessBase"]
[SourceDate "2018.10.10"]
[SourceVersion "1"]
[SourceVersionDate "2018.10.10"]
[SourceQuality "1"]
[WhiteTeam "Egypt"]
[BlackTeam "Czechoslovakia"]
[WhiteTeamCountry "EGY"]
[BlackTeamCountry "CSR"]

1. c4 Nf6 2. g3 g6 3. Bg2 Bg7 4. Nc3 0-0 5. Nf3 d5 6. cxd5 Nxd5 7. 0-0 Nc6 8. d4 Nb6 9. e3 Re8 10. b3 e5 11. Nxe5 Nxe5 12. dxe5 Qxd1 13. Nxd1 Bxe5 14. Bb2 a5 15. Rc1 c6 16. Bxe5 Rxe5 17. Nc3 a4 18. b4 Be6 19. Rfd1 Bc4 20. Rd4 a3 21. Rc2 Kg7 22. h4 Be6 23. Ne4 Bb3 24. Re2 Nd5 25. Red2 Ba4 26. Nd6 Nc3 27. Nxb7 Nb1 28. Re2 Nc3 29. Red2 Nb1 30. Re2 1/2-1/2

[Event "Bahrain"]
[Site "Bahrain"]
[Date "1990.??.??"]
[Round "7"]
[White "Afifi, Assem"]
[Black "Abdelnabbi, Imed"]
[Result "1-0"]
[WhiteElo "2405"]
[BlackElo "2370"]
[PlyCount "63"]
[EventDate "1990.??.??"]
[EventType "tourn"]
[EventRounds "11"]
[EventCountry "BAH"]
[EventCategory "7"]
[SourceTitle "CBM 020"]
[Source "ChessBase"]
[SourceDate "1991.02.01"]
[SourceVersion "1"]
[SourceVersionDate "1991.02.01"]
[SourceQuality "1"]

1. Nf3 d5 2. d4 c6 3. c4 e6 4. Nbd2 f5 5. g3 Nf6 6. Bg2 Bd6 7. 0-0 0-0 8. b3 Nbd7 9. Bb2 Ne4 10. Ne5 Qg5 11. e3 Ndf6 12. Qc1 Nxd2 13. Qxd2 Bd7 14. a4 Rfc8 15. Ba3 Bxe5 16. dxe5 Ne4 17. Qe1 Qg6 18. f3 Ng5 19. Rd1 Qe8 20. e4 Nf7 21. exd5 exd5 22. cxd5 Qxe5 23. Qd2 cxd5 24. Bb2 Qd6 25. f4 Bc6 26. Qd4 Qf8 27. Rfe1 Rc7 28. Re6 Nd8 29. Re5 Kh8 30. Rde1 Rf7 31. Bxd5 Bxd5 32. Re8 1-0

[Event "Bahrain"]
[Site "Bahrain"]
[Date "1990.??.??"]
[Round "9"]
[White "Afifi, Assem"]
[Black "Bouaziz, Slim"]
[Result "1/2-1/2"]
[WhiteElo "2405"]
[BlackElo "2355"]
[PlyCount "22"]
[EventDate "1990.??.??"]
[EventType "tourn"]
[EventRounds "11"]
[EventCountry "BAH"]
[EventCategory "7"]
[SourceTitle "CBM 020"]
[Source "ChessBase"]
[SourceDate "1991.02.01"]
[SourceVersion "1"]
[SourceVersionDate "1991.02.01"]
[SourceQuality "1"]

1. d4 Nf6 2. Nf3 g6 3. c4 Bg7 4. Nc3 0-0 5. g3 d6 6. Bg2 Nc6 7. 0-0 a6 8. h3 Rb8 9. e4 b5 10. e5 Nd7 11. cxb5 axb5 1/2-1/2

[Event "Interzonal-15"]
[Site "Manila"]
[Date "1990.??.??"]
[Round "9"]
[White "Afifi, Assem"]
[Black "El Taher, Fouad"]
[Result "1/2-1/2"]
[WhiteElo "2400"]
[BlackElo "2375"]
[PlyCount "24"]
[EventDate "1990.06.29"]
[EventType "swiss"]
[EventRounds "13"]
[EventCountry "PHI"]
[SourceTitle "CBM 019"]
[Source "ChessBase"]
[SourceDate "1990.12.01"]
[SourceVersion "1"]
[SourceVersionDate "1990.12.01"]
[SourceQuality "1"]

1. c4 c5 2. Nc3 Nc6 3. g3 g6 4. Bg2 Bg7 5. Nf3 Nf6 6. 0-0 0-0 7. d3 d6 8. a3 a6 9. Rb1 Rb8 10. b4 cxb4 11. axb4 b5 12. cxb5 axb5 1/2-1/2

[Event "Bahrain"]
[Site "Bahrain"]
[Date "1990.??.??"]
[Round "5"]
[White "Afifi, Assem"]
[Black "Knezevic, Milorad"]
[Result "1/2-1/2"]
[WhiteElo "2405"]
[BlackElo "2445"]
[PlyCount "24"]
[EventDate "1990.??.??"]
[EventType "tourn"]
[EventRounds "11"]
[EventCountry "BAH"]
[EventCategory "7"]
[SourceTitle "CBM 020"]
[Source "ChessBase"]
[SourceDate "1991.02.01"]
[SourceVersion "1"]
[SourceVersionDate "1991.02.01"]
[SourceQuality "1"]

1. d4 d5 2. Nf3 c6 3. c3 Bf5 4. Qb3 Qb6 5. Qxb6 axb6 6. Bf4 Nd7 7. Nbd2 h6 8. h3 b5 9. e3 Nb6 10. Ne5 e6 11. Bd3 Bxd3 12. Nxd3 Nf6 1/2-1/2

[Event "Bahrain"]
[Site "Bahrain"]
[Date "1990.??.??"]
[Round "3"]
[White "Afifi, Assem"]
[Black "Nikolac, Juraj"]
[Result "1-0"]
[WhiteElo "2405"]
[BlackElo "2485"]
[PlyCount "133"]
[EventDate "1990.??.??"]
[EventType "tourn"]
[EventRounds "11"]
[EventCountry "BAH"]
[EventCategory "7"]
[SourceTitle "CBM 020"]
[Source "ChessBase"]
[SourceDate "1991.02.01"]
[SourceVersion "1"]
[SourceVersionDate "1991.02.01"]
[SourceQuality "1"]

1. d4 Nf6 2. Nf3 d5 3. c4 c6 4. e3 g6 5. Nc3 Bg7 6. Be2 0-0 7. 0-0 dxc4 8. Bxc4 c5 9. Qe2 cxd4 10. Nxd4 Nbd7 11. Rd1 a6 12. e4 Qc7 13. h3 b5 14. Bd5 Bb7 15. Bxb7 Qxb7 16. e5 Nd5 17. Ndxb5 Nxc3 18. Nxc3 Nxe5 19. Be3 Rfd8 20. Rxd8+ Rxd8 21. Rd1 Rxd1+ 22. Qxd1 Nc6 23. Na4 Be5 24. b3 Qc7 25. Nb6 e6 26. Qd7 Qxd7 27. Nxd7 Bb2 28. Kf1 f5 29. Nc5 Nb4 30. Bd2 Nxa2 31. Nxa6 Kf7 32. b4 Nc3 33. f3 Nb5 34. Ke2 Ke7 35. Kd3 Nd6 36. Bg5+ Kd7 37. Nc5+ Kc6 38. Nxe6 Kb5 39. Bd2 Nf7 40. Nf8 Bf6 41. Nxh7 Ne5+ 42. Kc3 Bg7 43. Kb3 Nd3 44. Ng5 Bf8 45. Ne6 Bxb4 46. Bxb4 Nxb4 47. Kc3 Nd5+ 48. Kd4 Kc6 49. Ke5 Ne3 50. g3 Nf1 51. Nf8 Nxg3 52. Nxg6 Kd7 53. Kf4 Ne2+ 54. Kxf5 Ng1 55. Ne5+ Ke7 56. h4 Kf8 57. Kg6 Ne2 58. Nd3 Nd4 59. f4 Nc6 60. Ne5 Ne7+ 61. Kg5 Kg7 62. f5 Nd5 63. h5 Kh7 64. Ng4 Nc7 65. h6 Nb5 66. Nf6+ Kh8 67. Ne4 1-0

[Event "Interzonal-15"]
[Site "Manila"]
[Date "1990.??.??"]
[Round "1"]
[White "Afifi, Assem"]
[Black "Sokolov, Andrei"]
[Result "1/2-1/2"]
[WhiteElo "2400"]
[BlackElo "2570"]
[PlyCount "84"]
[EventDate "1990.06.29"]
[EventType "swiss"]
[EventRounds "13"]
[EventCountry "PHI"]
[SourceTitle "CBM 019"]
[Source "ChessBase"]
[SourceDate "1990.12.01"]
[SourceVersion "1"]
[SourceVersionDate "1990.12.01"]
[SourceQuality "1"]

1. d4 Nf6 2. c4 e6 3. Nf3 b6 4. g3 Ba6 5. Qc2 Bb7 6. Bg2 c5 7. 0-0 cxd4 8. Nxd4 Bxg2 9. Kxg2 Qc8 10. b3 Be7 11. Rd1 0-0 12. Nc3 Nc6 13. e4 Rd8 14. Bb2 a6 15. Qe2 Qb7 16. f3 Rac8 17. Nc2 Ne5 18. Ne3 d6 19. Rd2 h6 20. Rad1 Rc7 21. a4 Nfd7 22. Ned5 exd5 23. Nxd5 Bf8 24. Nxc7 Qxc7 25. f4 Nc6 26. Qf3 Qc8 27. h4 Nc5 28. Re2 Re8 29. Kh2 Qb7 30. Rde1 Nb4 31. Bc3 a5 32. Bxb4 axb4 33. Re3 f5 34. Qh5 Qf7 35. Qxf5 Qxf5 36. exf5 Rxe3 37. Rxe3 Kf7 38. g4 Be7 39. g5 Bd8 40. Kg3 h5 41. Kf3 Bc7 42. Kg3 Bd8 1/2-1/2

[Event "Interzonal-15"]
[Site "Manila"]
[Date "1990.??.??"]
[Round "3"]
[White "Afifi, Assem"]
[Black "Torre, Eugenio"]
[Result "0-1"]
[WhiteElo "2400"]
[BlackElo "2530"]
[PlyCount "56"]
[EventDate "1990.06.29"]
[EventType "swiss"]
[EventRounds "13"]
[EventCountry "PHI"]
[SourceTitle "CBM 019"]
[Source "ChessBase"]
[SourceDate "1990.12.01"]
[SourceVersion "1"]
[SourceVersionDate "1990.12.01"]
[SourceQuality "1"]

1. c4 Nf6 2. Nc3 g6 3. g3 Bg7 4. Bg2 0-0 5. Nf3 d6 6. 0-0 c6 7. d4 Nbd7 8. b3 Re8 9. Bb2 e5 10. dxe5 dxe5 11. Ng5 Qe7 12. Nge4 Bf8 13. a4 Nxe4 14. Nxe4 Qe6 15. e3 f5 16. Ng5 Qe7 17. f4 e4 18. Qd4 Bg7 19. Qxg7+ Qxg7 20. Bxg7 Kxg7 21. Rfd1 a5 22. Rd6 Nc5 23. Rad1 h6 24. Nh3 Nxb3 25. g4 fxg4 26. Nf2 Nc5 27. Bf1 h5 28. Kg2 Nxa4 0-1

[Event "Interzonal-15"]
[Site "Manila"]
[Date "1990.??.??"]
[Round "12"]
[White "Smyslov, Vassily V"]
[Black "Afifi, Assem"]
[Result "1/2-1/2"]
[WhiteElo "2570"]
[BlackElo "2400"]
[PlyCount "59"]
[EventDate "1990.06.29"]
[EventType "swiss"]
[EventRounds "13"]
[EventCountry "PHI"]
[SourceTitle "CBM 019"]
[Source "ChessBase"]
[SourceDate "1990.12.01"]
[SourceVersion "1"]
[SourceVersionDate "1990.12.01"]
[SourceQuality "1"]

1. e4 c5 2. Nf3 Nc6 3. d4 cxd4 4. Nxd4 g6 5. c4 Bg7 6. Be3 d6 7. Nc3 Nh6 8. Be2 0-0 9. 0-0 f5 10. exf5 Bxd4 11. Bxh6 Rxf5 12. Bf3 Bxc3 13. bxc3 Ne5 14. Be4 Rh5 15. Bf4 Qc7 16. Re1 Nf7 17. Qe2 e6 18. Rad1 Kg7 19. Qd2 e5 20. Be3 Qxc4 21. f3 Qc7 22. g4 Rh4 23. Bd5 h5 24. Bxf7 Kxf7 25. Bg5 Rh3 26. Qxd6 Qxd6 27. Rxd6 Rxf3 28. Rd8 Ke6 29. Re8+ Kd6 30. Rd8+ 1/2-1/2

[Event "Interzonal-15"]
[Site "Manila"]
[Date "1990.??.??"]
[Round "4"]
[White "Ye, Rongguang"]
[Black "Afifi, Assem"]
[Result "1-0"]
[WhiteElo "2525"]
[BlackElo "2400"]
[PlyCount "93"]
[EventDate "1990.06.29"]
[EventType "swiss"]
[EventRounds "13"]
[EventCountry "PHI"]
[SourceTitle "CBM 019"]
[Source "ChessBase"]
[SourceDate "1990.12.01"]
[SourceVersion "1"]
[SourceVersionDate "1990.12.01"]
[SourceQuality "1"]

1. c4 g6 2. Nc3 f5 3. g3 Nf6 4. Bg2 Bg7 5. Nf3 0-0 6. 0-0 d6 7. Rb1 e5 8. d3 Nc6 9. b4 h6 10. b5 Ne7 11. a4 g5 12. Ba3 Rf7 13. a5 Ng6 14. Qb3 Bf8 15. Rfd1 Rb8 16. d4 e4 17. Ne5 Rg7 18. c5+ Kh7 19. b6 axb6 20. axb6 c6 21. cxd6 Ra8 22. Bc5 Qe8 23. Nxg6 Qxg6 24. Ra1 Rb8 25. Ra7 Bd7 26. Qa3 Rg8 27. Ra1 Qe8 28. Nd1 Qe6 29. Ra5 Kh8 30. Nb2 f4 31. Qa2 Nd5 32. Qb3 e3 33. fxe3 fxg3 34. hxg3 Bxd6 35. e4 Bxc5 36. Rxc5 Nf4 37. Qxe6 Nxe6 38. Rc4 Ra8 39. Rxa8 Rxa8 40. d5 Nd8 41. Nd3 Bg4 42. Rc2 Ra1+ 43. Kf2 Rb1 44. Ne5 Bh5 45. g4 Bf7 46. dxc6 bxc6 47. Rd2 1-0